| 000 | 00753nam a2200229 a 4500 | ||
|---|---|---|---|
| 001 | 000004553 | ||
| 005 | 20200929151447.0 | ||
| 008 | 940623s1951 ag 001 p spa | ||
| 040 |
_aDO-SdBNP _bspa _cBNPHU |
||
| 041 | 1 | 7 |
_aspa _hfre _2Código de idioma MARC |
| 082 |
_a841.9 _bG354t, 1951. |
||
| 100 | 1 |
_aGéraldy, Paul, _d1885-1983. _913301 |
|
| 245 | 1 | 0 |
_aTú y yo / _cPaul Géraldy; traducción de Edmundo Bianchi. |
| 250 | _a6a ed. | ||
| 260 |
_aBuenos Aires : _bLibrería Hachette, _c1951. |
||
| 300 |
_a157, [3] p. ; _c17 cm. |
||
| 500 | _aVersión castellana de Edmundo Bianchi. | ||
| 650 | 4 |
_aPoesía francesa _94916 |
|
| 650 | 4 |
_aLiteratura francesa _91074 |
|
| 700 | 1 |
_aBianchi, Edmundo, _etr. _913302 |
|
| 910 | _aCatalogación original noche | ||
| 999 |
_c4361 _d4361 |
||